000 00731cab a2200181 4500
001 ##L132320
008 060126n2006 000 0 eng u
035 _a(Sirsi) u132320
041 0 _aeng
100 1 _aTaylor, Christina
245 0 0 _aRegional focus
_bLondon
260 _c2006
490 0 _aQS Week
_v(36) 18 January 2006, 12-13(2)
520 _aLooks at the construction market in London. Highlights fears that work in connection with the 2012 Olympics may lead to a skills shortage. Examines infrastructure, housing, commercial and public sector projects. Tables for regional contracts league and construction output for London.
590 _aIKA310106
690 _aBUILT ENVIRONMENT-CONSTRUCTION MARKET
942 _n0
999 _c76398
_d76398